| 000 | 01409nam a2200361 a 4500 | ||
|---|---|---|---|
| 001 | 000043559 | ||
| 003 | DO-SdBNP | ||
| 005 | 20260428073714.0 | ||
| 008 | 140324s2012 dr 000 j spa d | ||
| 020 | _a9789945412666 | ||
| 040 |
_aDO-SdBNP _bspa _cBNPHU |
||
| 082 |
_aBNPHU RD863.44 _bP925p, 2011 |
||
| 111 | 2 |
_aPremios Funglode de Cuento _d(2011 : _cSanto Domingo) _971358 |
|
| 245 | 1 | 0 | _aPremio de cuento Juan Bosch. |
| 260 |
_aSanto Domingo : _bFUNGLODE, _c2012. |
||
| 300 |
_a35 p. ; _c26 cm. |
||
| 490 | 1 | _aPremios Funglode/GFDD 2011 Cuento | |
| 500 | _aIncluye datos biografícos de los autores | ||
| 505 | 0 |
_gPrimer lugar : _tEl muñeco de trapos / _rNan Chevalier -- _gSegundo lugar : _tDowntown / _rKianny Antigua -- _gTercer lugar : _tPorfirio y la serpiente / _rDanilo A.Rogríguez |
|
| 590 | _aInventariado, 2019/VM | ||
| 650 | 1 | 0 |
_aCuentos dominicanos _9176 |
| 650 | 1 | 0 |
_aLiteratura dominicana. _967 |
| 650 | 1 | 4 |
_aCertámenes literarios _91541 |
| 650 | 1 | 0 |
_aPremios literarios _91542 |
| 700 | 1 | 2 |
_aChevalier, Nan _tMenú para dos _971359 |
| 700 | 1 | 2 |
_aKianny Antigua _tEl muñeco de trapos _971360 |
| 700 | 1 | 2 |
_aDowntown _971361 |
| 700 | 1 | 2 |
_aPorfirio y la serpiente _tRodríguez, Danilo A. _971362 |
| 710 | 2 | 2 |
_aFundación Global Democracía y Desarrollo _925477 |
| 830 | 0 |
_aPremios Funglode/GFDD 2011 Cuento _971363 |
|
| 910 | _aValidado. Control de calidad MFF | ||
| 942 |
_2ddc _cLBS1 |
||
| 999 |
_c43048 _d43048 |
||